000 00368nam a22001457a 4500
003 OSt
005 20160727222419.0
008 160625b xxu||||| |||| 00| 0 eng d
040 _cTEST
100 _91211
_aAmerican Heritage Magazine
245 _aLouisiana, Maine, Maryland
260 _aNEW YORK
_bDELL
_c1965
300 _aLouisiana, Maine, Maryland
942 _2ddc
_cBK
999 _c985
_d985